00733nam a2200181 a 4500008004100000050001600041100002100057245005100078246006000129260003400189300002200223350000900245650003400254650001800288995009600306999001700402952013200419120416s1981 ||||||||||||||||| || u aHG 3852 Exc aWilliamson, John10aExchange rate rulescedited by John Williamsom athe theory, perfomance andprospects of the Crowling peg aLondonbMacMillan Pressc1981 axxi, 410p. : ill. a0.00 0aFINANCE--DEVELOPING COUNTRIES aEXCHANGE RATE D0.00FCBU-MAIN LIBRARY (Kitwe)H1I29.00M1UAVAILABLEZMain Library Open Access Collection c42826d42826 00102lcc4070a001b001cMain Library Open Access Collectiond2022-11-30l0oHG 3852 Excp007759r2022-11-30w2022-11-30y002